000 00567nam a2200193Ia 4500
003 OSt
005 20250715095929.0
008 210210b1995 xxu||||| |||| 00| 0 eng d
040 _cAL
041 _aKannada
082 _aK894.1 SATK
100 _aSATYANARAYANARAV ANATI
_dಸತ್ಯನಾರಾಯಣರಾವ್ ಅಣತಿ
_9218730
245 _aKrashna kannina nota.
_bಕೃಷ್ಣ ಕಣ್ಣಿನ ನೋಟ.
260 _aSagara
_bAkshara Prakashana
_c1995
300 _a70
690 _aKannada Poetry
_9218731
906 _a051737
942 _2ddc
_cBK
999 _c99986
_d99986